00536nam a2200157 450000500170000001000150001702000260003203500140005803700130007208200060008510000170009124501130010826000490022127000820027030000260035220190404155820.0 aENG-125018 a9789382711667c495.00 aEN-108550 bDBAD/PUB aN aSathe, Nitin aBorn to fly:bFighter pilot MP Anil Kumar teaches us there is no battle the mind cannot win/cby Nitin Sathe aNew DelhibVitasta Publishing Pvt Ltd.c2017 a21/15, Ansari Road, DaryaganjbNew Delhie1100002minfo@vistatapublishing.com a216p.bill.c23cm(Hb)